Los animales y el derecho
Guardat en:
| Autor principal: | |
|---|---|
| Altres autors: | , , , , , , |
| Format: | Llibre |
| Idioma: | espanyol |
| Publicat: |
Madrid
Civitas
1999
|
| Edició: | 1a. ed |
| Col·lecció: | Monografías Civitas
|
| Matèries: | |
| Etiquetes: |
Afegir etiqueta
Sense etiquetes, Sigues el primer a etiquetar aquest registre!
|
MARC
| LEADER | 00000nam a2200000 a 4500 | ||
|---|---|---|---|
| 001 | UCL7874 | ||
| 003 | CL-VaPUC | ||
| 005 | 20230904111507.0 | ||
| 008 | 040604e19990000SP |||||||||||||||||spa|d | ||
| 999 | |c 309431 |d 309429 | ||
| 020 | |a 8447012107 | ||
| 040 | |c Pontificia Universidad Católica de Valparaíso | ||
| 082 | 0 | 4 | |a 179.3 |b MUÑ |2 21 |
| 100 | |a Muñoz Machado, Santiago |e autor |9 295515 | ||
| 245 | 1 | 4 | |a Los animales y el derecho |
| 250 | |a 1a. ed | ||
| 260 | |a Madrid |b Civitas |c 1999 | ||
| 300 | |a 271 p | ||
| 490 | 0 | |a Monografías Civitas | |
| 583 | |a last modification |c 20040604 00:00:00 |k Rodrigo Vera | ||
| 650 | 0 | |a Animales |9 269820 | |
| 650 | 7 | |a DERECHOS DE LOS ANIMALES |2 CL-VaPUC |9 485816 | |
| 650 | 0 | |a Derecho comparado |9 255664 | |
| 700 | |a Díaz-Ambrona Bardají, Luis |e autor |9 870599 | ||
| 700 | |a Fernández Farreres, Germán |e autor |9 605650 | ||
| 700 | |a Fernández Rodríguez, Tomás-Ramón |e autor |9 870600 | ||
| 700 | |a Martín Mateo, Ramón |e autor |9 870601 | ||
| 700 | |a Oliart Saussol, Alberto |e autor |9 870602 | ||
| 700 | |a Rebollo Puig, Manuel |e autor |9 870603 | ||
| 700 | |a Sosa Wagner, Francisco |e autor |9 870604 | ||
| 942 | |c BK |2 ddc | ||
| 945 | |d 20040604 00:00:00 |a cmena | ||
| 952 | |0 0 |1 0 |4 0 |6 179_300000000000000_MUÑ_1999 |7 0 |8 DER_TF |9 376870 |a BIBDER |b BIBDER |d 2019-11-21 |i 4023811 |l 2 |o 179.3 MUÑ 1999 |p 4023811 |r 2023-06-19 |s 2023-05-26 |w 2019-11-21 |x Ubicación 4to Piso |y BK |z Estos recursos deben solicitarse con anticipación |k DER | ||